[Event "Riadh Rapid op"]
[Site "Riadh"]
[Date "2023.03.18"]
[Round "6"]
[White "Abdi, Zineb Dina"]
[Black "Algabri, Asma"]
[Result "1-0"]
[WhiteElo "1855"]
[BlackElo "1583"]
[PlyCount "43"]
[EventDate "2023.03.17"]
[EventType "swiss (rapid)"]
[EventRounds "9"]
[EventCountry "SAU"]
[SourceTitle "CBM 213 Extra"]
[Source "ChessBase"]
[SourceDate "2023.05.31"]
[SourceVersion "1"]
[SourceVersionDate "2023.05.31"]
[SourceQuality "1"]

1. e4 c5 2. Nf3 Nc6 3. d4 cxd4 4. Nxd4 g6 5. c4 Bg7 6. Be3 d6 7. Nc3 Nf6 8. Be2 Qa5 9. 0-0 0-0 10. Rc1 Bd7 11. f3 Rfc8 12. Qd2 Nxd4 13. Bxd4 Be6 14. b3 Qh5 15. Nd5 Bxd5 16. exd5 Bh6 17. Be3 Bxe3+ 18. Qxe3 Rc7 19. Bd3 Kg7 20. Rce1 a5 21. Qb6 Rd7 22. Qd4 1-0

[Event "Olympiad Women-44"]
[Site "Chennai"]
[Date "2022.08.06"]
[Round "8.2"]
[White "Campos, Maria Jose"]
[Black "Abdi, Zineb Dina"]
[Result "1-0"]
[WhiteElo "2185"]
[BlackElo "1899"]
[PlyCount "81"]
[EventDate "2022.07.29"]
[EventType "team-swiss"]
[EventRounds "11"]
[EventCountry "IND"]
[SourceTitle "CBM 210"]
[Source "ChessBase"]
[SourceDate "2022.10.31"]
[SourceVersion "1"]
[SourceVersionDate "2022.10.31"]
[SourceQuality "1"]
[WhiteTeam "Argentina (W)"]
[BlackTeam "Algeria (W)"]
[WhiteTeamCountry "ARG"]
[BlackTeamCountry "ALG"]

1. c4 e6 2. g3 Nf6 3. Bg2 d5 4. Nf3 dxc4 5. Qa4+ Nbd7 6. Qxc4 c5 7. 0-0 a6 8. Qb3 Be7 9. Nc3 0-0 10. Rd1 Nb6 11. d3 Nbd5 12. a4 Rb8 13. a5 b5 14. axb6 Rxb6 15. Qc2 Nb4 16. Qb1 Nfd5 17. Nd2 Bf6 18. Nce4 Qc7 19. Nc4 Rb5 20. Bd2 Rd8 21. Rc1 Be7 22. Na3 Rb6 23. Rc4 f5 24. Nxc5 Qe5 25. e3 a5 26. d4 Qb8 27. Rc1 Na6 28. Nc4 Nxc5 29. dxc5 Rb3 30. Bxa5 Re8 31. Nb6 Bf6 32. Nxd5 exd5 33. Bxd5+ Be6 34. Bxe6+ Rxe6 35. Qxf5 Re5 36. Qf3 Qc8 37. Bc3 Rf5 38. Ra8 Rxf3 39. Rxc8+ Kf7 40. Bxf6 Rxf6 41. Rc2 1-0

[Event "Olympiad Women-44"]
[Site "Chennai"]
[Date "2022.08.02"]
[Round "5.3"]
[White "Abdi, Zineb Dina"]
[Black "Nansubuga, Gloria"]
[Result "1-0"]
[WhiteElo "1899"]
[BlackElo "1538"]
[PlyCount "101"]
[EventDate "2022.07.29"]
[EventType "team-swiss"]
[EventRounds "11"]
[EventCountry "IND"]
[SourceTitle "CBM 210"]
[Source "ChessBase"]
[SourceDate "2022.10.31"]
[SourceVersion "1"]
[SourceVersionDate "2022.10.31"]
[SourceQuality "1"]
[WhiteTeam "Algeria (W)"]
[BlackTeam "Uganda (W)"]
[WhiteTeamCountry "ALG"]
[BlackTeamCountry "UGA"]

1. e4 c6 2. d4 d5 3. Nc3 dxe4 4. Nxe4 Bf5 5. Ng3 Bg6 6. Nf3 e6 7. h4 h6 8. h5 Bh7 9. Bd3 Bxd3 10. Qxd3 Nf6 11. Bd2 Bd6 12. Ne4 Nxe4 13. Qxe4 Nd7 14. 0-0-0 Nf6 15. Qe2 Qc7 16. g3 0-0-0 17. Kb1 Nd5 18. c4 Nf6 19. c5 Be7 20. Bf4 Qa5 21. Ne5 Rhf8 22. Nc4 Qb5 23. Bd6 Nd5 24. Rc1 Qa6 25. Rhd1 Bxd6 26. Nxd6+ Rxd6 27. Qxa6 bxa6 28. cxd6 Kd7 29. Rd3 Kxd6 30. Ra3 Rc8 31. Rxa6 Rc7 32. g4 Nb4 33. Ra3 Nd5 34. Rc4 Nb6 35. Rcc3 Nd5 36. Rg3 Rb7 37. Rgb3 Rc7 38. Rb8 Nb6 39. Rd8+ Ke7 40. Rg8 Nc4 41. Rd3 Rb7 42. b3 Kf6 43. Kc1 Nd6 44. Rf3+ Ke7 45. Rxg7 Kf8 46. Rh7 Kg8 47. Rxh6 Kg7 48. Rhf6 Ne4 49. h6+ Kg8 50. h7+ Kg7 51. Rxf7+ 1-0

[Event "Online Olym Div2 D"]
[Site "Chess.com INT"]
[Date "2021.09.04"]
[Round "8.3"]
[White "Janzelj, Lara"]
[Black "Abdi, Zineb Dina"]
[Result "1/2-1/2"]
[WhiteElo "2186"]
[BlackElo "1926"]
[PlyCount "75"]
[EventDate "2021.09.02"]
[EventType "team (rapid)"]
[EventRounds "9"]
[EventCountry "USA"]
[SourceTitle "CBM 204 Extra"]
[Source "ChessBase"]
[SourceDate "2021.11.30"]
[SourceVersion "1"]
[SourceVersionDate "2021.11.30"]
[SourceQuality "1"]
[WhiteTeam "Slovenia"]
[BlackTeam "Algeria"]
[WhiteTeamCountry "SLO"]
[BlackTeamCountry "ALG"]

1. c4 e5 2. g3 Nf6 3. Bg2 d5 4. cxd5 Nxd5 5. Nc3 Nb6 6. Nf3 Nc6 7. 0-0 Be7 8. Rb1 0-0 9. b4 f6 10. Qb3+ Kh8 11. a3 Bg4 12. Qa2 Nd4 13. Nxd4 exd4 14. h3 Bh5 15. Nd1 Bxe2 16. Re1 Bc4 17. Qc2 c6 18. Be4 f5 19. Bg2 Bd5 20. Nb2 f4 21. g4 Bxg2 22. Kxg2 f3+ 23. Kg1 Qd6 24. Nc4 Nxc4 25. Qxc4 Bh4 26. Qf1 Rae8 27. Bb2 Re2 28. Rxe2 fxe2 29. Qxe2 Bxf2+ 30. Kh1 Qd5+ 31. Kh2 Qd6+ 32. Kh1 Qd5+ 33. Kh2 Bh4 34. Rf1 Qd6+ 35. Kh1 Qd5+ 36. Kh2 Qd6+ 37. Kh1 Qd5+ 38. Kh2 1/2-1/2

[Event "Online Olym Div2 D"]
[Site "Chess.com INT"]
[Date "2021.09.03"]
[Round "5.5"]
[White "Laubscher, Anzel"]
[Black "Abdi, Zineb Dina"]
[Result "1/2-1/2"]
[WhiteElo "1699"]
[BlackElo "1926"]
[PlyCount "55"]
[EventDate "2021.09.02"]
[EventType "team (rapid)"]
[EventRounds "9"]
[EventCountry "USA"]
[SourceTitle "CBM 204 Extra"]
[Source "ChessBase"]
[SourceDate "2021.11.30"]
[SourceVersion "1"]
[SourceVersionDate "2021.11.30"]
[SourceQuality "1"]
[WhiteTeam "South Africa"]
[BlackTeam "Algeria"]
[WhiteTeamCountry "RSA"]
[BlackTeamCountry "ALG"]

1. Nf3 d5 2. c4 d4 3. d3 c5 4. g3 Nc6 5. Bg2 e5 6. 0-0 Bd6 7. Nbd2 Nf6 8. Ng5 0-0 9. Nge4 Re8 10. Nxd6 Qxd6 11. Ne4 Nxe4 12. Bxe4 f5 13. Bg2 Bd7 14. a3 a5 15. Qc2 Qg6 16. f4 e4 17. e3 dxe3 18. Bxe3 Nd4 19. Bxd4 cxd4 20. Rae1 Bc6 21. b4 axb4 22. axb4 e3 23. b5 Bxg2 24. Qxg2 Qb6 25. Qd5+ Qe6 26. Qxd4 Rad8 27. Qc3 Qd6 28. Rf3 1/2-1/2

[Event "Monastir Moknine op-B"]
[Site "Monastir"]
[Date "2017.09.10"]
[Round "7"]
[White "Abdi, Zineb Dina"]
[Black "Tamzali, Baccar"]
[Result "1/2-1/2"]
[WhiteElo "1980"]
[BlackElo "1860"]
[PlyCount "65"]
[EventDate "2017.09.05"]
[EventType "swiss"]
[EventRounds "9"]
[EventCountry "TUN"]
[SourceTitle "EXT 2019"]
[Source "ChessBase"]
[SourceDate "2018.10.10"]
[SourceVersion "1"]
[SourceVersionDate "2018.10.10"]
[SourceQuality "1"]

1. e4 e6 2. d4 d5 3. Nc3 Bb4 4. exd5 exd5 5. Bd3 Nc6 6. Nf3 Nge7 7. h3 Bf5 8. 0-0 Qd7 9. Bf4 Ba5 10. Re1 f6 11. a3 Bxd3 12. Qxd3 0-0-0 13. b4 Bb6 14. Na4 Qf5 15. Qxf5+ Nxf5 16. c3 Rhe8 17. Kf1 Kd7 18. g4 Nd6 19. Bxd6 Kxd6 20. Nh4 g6 21. f4 Nb8 22. f5 g5 23. Nf3 c6 24. Nc5 Bxc5 25. dxc5+ Kd7 26. Nd4 Rxe1+ 27. Rxe1 Re8 28. Ne6 Na6 29. a4 Nc7 30. Nxc7 Rxe1+ 31. Kxe1 Kxc7 32. a5 b6 33. a6 1/2-1/2

[Event "Algiers zt 4.1 (Women)"]
[Site "Algiers"]
[Date "2017.05.15"]
[Round "5"]
[White "Abdi, Zineb Dina"]
[Black "Latreche, Sabrina"]
[Result "1/2-1/2"]
[WhiteElo "1969"]
[BlackElo "2054"]
[PlyCount "60"]
[EventDate "2017.05.12"]
[EventType "tourn"]
[EventRounds "9"]
[EventCountry "ALG"]
[SourceTitle "CBM 178 Extra"]
[Source "ChessBase"]
[SourceDate "2017.06.22"]
[SourceVersion "1"]
[SourceVersionDate "2017.06.22"]
[SourceQuality "1"]

1. e4 e5 2. Nf3 Nc6 3. Bc4 Bc5 4. c3 Nf6 5. d3 0-0 6. Nbd2 d5 7. exd5 Nxd5 8. Ne4 Bb6 9. 0-0 Bg4 10. h3 Bh5 11. Ng3 Bg6 12. Re1 Qd6 13. Qe2 Nf6 14. Bg5 Rfe8 15. Ne4 Bxe4 16. dxe4 h6 17. Rad1 Qe7 18. Bxf6 Qxf6 19. Rd7 Re7 20. Rd3 Qf4 21. Nh2 Rd8 22. Red1 Rxd3 23. Rxd3 Na5 24. Bb3 Nxb3 25. axb3 Qc1+ 26. Rd1 Qf4 27. Rd3 Qc1+ 28. Rd1 Qf4 29. Rd3 Qc1+ 30. Rd1 Qf4 1/2-1/2

[Event "Arab-ch (Women)"]
[Site "Khartoum"]
[Date "2016.11.06"]
[Round "7"]
[White "Abdi, Zineb Dina"]
[Black "Najwa, Mohamed Ahmed"]
[Result "1-0"]
[WhiteElo "1967"]
[BlackElo "1430"]
[PlyCount "76"]
[EventDate "2016.10.31"]
[EventType "tourn"]
[EventRounds "7"]
[EventCountry "SUD"]
[SourceTitle "EXT 2018"]
[Source "ChessBase"]
[SourceDate "2017.10.13"]
[SourceVersion "1"]
[SourceVersionDate "2017.10.13"]
[SourceQuality "1"]

1. e4 g6 2. d4 Bg7 3. Nc3 d6 4. Bc4 Nc6 5. Be3 a6 6. a4 e6 7. Nge2 Nge7 8. Qd2 d5 9. Bd3 Nb4 10. 0-0 Nxd3 11. Qxd3 0-0 12. f3 Kh8 13. Qd2 Ng8 14. Rad1 c6 15. Kh1 b5 16. Nf4 Bb7 17. Qf2 Qa5 18. Ra1 b4 19. Nce2 c5 20. dxc5 Bxb2 21. Bd4+ Bxd4 22. Qxd4+ f6 23. Nxe6 Rfe8 24. exd5 Bc8 25. N2f4 h6 26. Nxg6+ Kh7 27. Ngf4 Bxe6 28. Nxe6 Re7 29. Qe4+ Kh8 30. d6 Rd7 31. Qxa8 b3 32. cxb3 Qd2 33. Qe4 Qc3 34. Rad1 Qxb3 35. c6 Rf7 36. c7 f5 37. Qd4+ Rf6 38. c8Q Qxe6 1-0

[Event "Arab-ch (Women)"]
[Site "Khartoum"]
[Date "2016.11.01"]
[Round "2"]
[White "Abdi, Zineb Dina"]
[Black "Alattar, Ghayda M"]
[Result "0-1"]
[WhiteElo "1967"]
[BlackElo "1956"]
[PlyCount "104"]
[EventDate "2016.10.31"]
[EventType "tourn"]
[EventRounds "7"]
[EventCountry "SUD"]
[SourceTitle "EXT 2018"]
[Source "ChessBase"]
[SourceDate "2017.10.13"]
[SourceVersion "1"]
[SourceVersionDate "2017.10.13"]
[SourceQuality "1"]

1. e4 e5 2. Nf3 Nc6 3. Bc4 Nf6 4. d3 Be7 5. c3 0-0 6. Nbd2 d5 7. Bb3 Bg4 8. Qe2 Bh5 9. 0-0 dxe4 10. dxe4 Bc5 11. h3 Qe7 12. Re1 a5 13. a4 Bxf3 14. Nxf3 Nd8 15. Nh4 g6 16. Bh6 Re8 17. Qf3 Nh5 18. Qg4 Qf6 19. Be3 Bxe3 20. Rxe3 Ne6 21. Rf3 Nhf4 22. Re3 h5 23. Qg3 Kh7 24. Nf3 Kh6 25. h4 Rad8 26. Bxe6 Rxe6 27. Qg5+ Kg7 28. Qxf6+ Kxf6 29. g3 Nd3 30. Ng5 Re7 31. Rd1 Red7 32. Rf3+ Kg7 33. Nxf7 Nxb2 34. Rxd7 Rxd7 35. Nxe5 Re7 36. Nd3 Nxa4 37. e5 Nxc3 38. Nc5 Ne2+ 39. Kf1 b6 40. Re3 Nd4 41. Nd3 Ne6 42. f4 c5 43. Nb2 b5 44. Ra3 Ra7 45. Ke2 Nd4+ 46. Kd3 Nf5 47. Ke4 c4 48. Nxc4 bxc4 49. Kd5 Re7 50. Rxa5 c3 51. Ra1 Nxg3 52. Kd6 Nf5+ 0-1

[Event "Olympiad Women-42"]
[Site "Baku"]
[Date "2016.09.13"]
[Round "11.3"]
[White "Abdi, Zineb Dina"]
[Black "Movileanu, Daniela"]
[Result "0-1"]
[WhiteElo "1953"]
[BlackElo "2268"]
[PlyCount "114"]
[EventDate "2016.09.02"]
[EventType "team-swiss"]
[EventRounds "11"]
[EventCountry "AZE"]
[SourceTitle "CBM 174 Extra"]
[Source "ChessBase"]
[SourceDate "2016.10.10"]
[SourceVersion "1"]
[SourceVersionDate "2016.10.10"]
[SourceQuality "1"]
[WhiteTeam "Algeria (W)"]
[BlackTeam "Italy (W)"]
[WhiteTeamCountry "ALG"]
[BlackTeamCountry "ITA"]

1. e4 c5 2. Nf3 d6 3. c4 e5 4. d3 g6 5. Be2 Bg7 6. Nc3 Ne7 7. 0-0 0-0 8. Ne1 f5 9. f4 Nbc6 10. Rb1 h6 11. a3 Kh7 12. Nd5 a5 13. Nc2 a4 14. Qe1 Nd4 15. Nxd4 exd4 16. Qh4 Nxd5 17. Qxd8 Rxd8 18. exd5 b5 19. b4 axb3 20. cxb5 Bd7 21. Rxb3 Rdb8 22. Bd2 Rxb5 23. Rfb1 Rab8 24. Rxb5 Rxb5 25. Rxb5 Bxb5 26. Ba5 Kg8 27. Bc7 Bf8 28. Kf2 Kf7 29. Ke1 Ke7 30. Kd2 Kd7 31. Ba5 Be7 32. Kc2 Ba4+ 33. Kc1 Bf6 34. Bd1 Bb5 35. Be2 g5 36. Bd2 Ba6 37. g3 g4 38. Bf1 Kc7 39. Ba5+ Kc8 40. Kc2 Bd8 41. Bd2 Bb7 42. Bg2 Kb8 43. Kb3 Ka7 44. Ka4 Ka6 45. Be1 h5 46. Bh1 Bc8 47. Bg2 Bd7+ 48. Kb3 Ba5 49. Bf2 Bc3 50. h3 Ka5 51. hxg4 hxg4 52. Bf1 Ba4+ 53. Ka2 Bd1 54. Kb1 Bf3 55. Kc2 Ka4 56. Bg1 Be1 57. Bh2 Kxa3 0-1

[Event "Olympiad Women-42"]
[Site "Baku"]
[Date "2016.09.05"]
[Round "4.34"]
[White "Dovchin, Bolortungalag"]
[Black "Abdi, Zineb Dina"]
[Result "0-1"]
[WhiteElo "1544"]
[BlackElo "1953"]
[PlyCount "124"]
[EventDate "2016.09.02"]
[EventType "team-swiss"]
[EventRounds "11"]
[EventCountry "AZE"]
[SourceTitle "CBM 174 Extra"]
[Source "ChessBase"]
[SourceDate "2016.10.10"]
[SourceVersion "1"]
[SourceVersionDate "2016.10.10"]
[SourceQuality "1"]
[WhiteTeam "South Korea (W)"]
[BlackTeam "Algeria (W)"]
[WhiteTeamCountry "KOR"]
[BlackTeamCountry "ALG"]

1. e4 e5 2. Nf3 Nc6 3. Bb5 a6 4. Ba4 Nf6 5. 0-0 b5 6. Bb3 Be7 7. Re1 0-0 8. c3 d6 9. h3 Na5 10. Bc2 c5 11. d4 Qc7 12. b3 Bd7 13. d5 c4 14. b4 Nb7 15. a4 bxa4 16. Bxa4 a5 17. Bxd7 Qxd7 18. Bd2 Rfc8 19. Qc2 Ne8 20. Na3 Qc7 21. Rec1 Nf6 22. g4 Qd7 23. Nh2 h5 24. f3 Nh7 25. Kg2 h4 26. Nf1 axb4 27. cxb4 c3 28. Bxc3 Bg5 29. Nd2 Qe7 30. Qd1 Be3 31. Nac4 Rxa1 32. Rxa1 Bxd2 33. Bxd2 Rxc4 34. Ra8+ Nf8 35. Qb3 Qc7 36. Kf1 f6 37. Ke2 Rd4 38. b5 Qc4+ 39. Qxc4 Rxc4 40. Rb8 Nc5 41. b6 Rc2 42. Kd1 Rb2 43. Be3 Ncd7 44. Rd8 Nxb6 45. Kc1 Nc4 46. Rc8 Rb4 47. Bf2 g5 48. Be1 Ra4 49. Kc2 Ne3+ 50. Kb3 Ra6 51. Bf2 Ng2 52. Rc6 Ra8 53. Rxd6 Kf7 54. Rc6 Nf4 55. Rc7+ Ke8 56. Bc5 Nd7 57. Kc4 Kd8 58. Rb7 Rc8 59. Rb5 Rxc5+ 60. Rxc5 Nxc5 61. Kxc5 Nxh3 62. Kd6 Nf4 0-1

[Event "Olympiad Women-42"]
[Site "Baku"]
[Date "2016.09.04"]
[Round "3.34"]
[White "Abdi, Zineb Dina"]
[Black "Menon Jayadev, Poornima"]
[Result "0-1"]
[WhiteElo "1953"]
[BlackElo "1837"]
[PlyCount "98"]
[EventDate "2016.09.02"]
[EventType "team-swiss"]
[EventRounds "11"]
[EventCountry "AZE"]
[SourceTitle "CBM 174 Extra"]
[Source "ChessBase"]
[SourceDate "2016.10.10"]
[SourceVersion "1"]
[SourceVersionDate "2016.10.10"]
[SourceQuality "1"]
[WhiteTeam "Algeria (W)"]
[BlackTeam "Ireland (W)"]
[WhiteTeamCountry "ALG"]
[BlackTeamCountry "IRL"]

1. e4 e6 2. d4 d5 3. Nc3 Nf6 4. Bg5 Be7 5. e5 Nfd7 6. Bxe7 Qxe7 7. f4 a6 8. Nf3 c5 9. dxc5 Nxc5 10. Bd3 Nc6 11. Qd2 b5 12. a3 Bb7 13. b4 Nd7 14. 0-0 h6 15. Qf2 0-0 16. Qg3 Nb6 17. Nh4 Rfd8 18. f5 exf5 19. Nxf5 Qg5 20. Qf2 Nc4 21. Nxh6+ Qxh6 22. Qxf7+ Kh8 23. Qxb7 Ra7 24. Qxa7 Nxa7 25. Rf3 Qb6+ 26. Kh1 Kg8 27. Re1 Qd4 28. e6 Nc6 29. Bg6 N4e5 30. Bf7+ Nxf7 31. exf7+ Kf8 32. Rd1 Qe5 33. Rdf1 d4 34. Rf5 Qe6 35. Rh5 Ke7 36. Nd1 Rf8 37. Rhf5 Nd8 38. c3 Rxf7 39. Rxf7+ Nxf7 40. cxd4 Qe2 41. Kg1 Qd2 42. Nf2 Qxd4 43. Re1+ Kf8 44. Kf1 Qb2 45. Re3 Qc1+ 46. Ke2 Nd6 47. g4 Nc4 48. Re6 Qd2+ 49. Kf1 Ne3+ 0-1

[Event "Agadir zt 4.1 (Women)"]
[Site "Agadir"]
[Date "2016.05.29"]
[Round "7"]
[White "Belhati, Samah"]
[Black "Abdi, Zineb Dina"]
[Result "0-1"]
[WhiteElo "1511"]
[BlackElo "1889"]
[PlyCount "92"]
[EventDate "2016.05.24"]
[EventType "swiss"]
[EventRounds "9"]
[EventCountry "MAR"]
[SourceTitle "CBM 172 Extra"]
[Source "ChessBase"]
[SourceDate "2016.06.21"]
[SourceVersion "1"]
[SourceVersionDate "2016.06.21"]
[SourceQuality "1"]

1. d4 f5 2. Nf3 Nf6 3. c4 e6 4. Nc3 Be7 5. Bg5 d6 6. e3 Nbd7 7. Bd3 0-0 8. 0-0 Qe8 9. h3 b6 10. Re1 Bb7 11. e4 fxe4 12. Nxe4 Qf7 13. Qe2 Rae8 14. Bxf6 gxf6 15. Ng3 Bd8 16. Be4 d5 17. Bd3 Kh8 18. a4 a5 19. Rab1 Bc6 20. b4 axb4 21. Rxb4 Be7 22. Rbb1 Bd6 23. a5 bxa5 24. c5 Bxg3 25. fxg3 e5 26. Bb5 Bxb5 27. Qxb5 e4 28. Nd2 f5 29. Qxa5 Qg7 30. Qxc7 Qxd4+ 31. Kh2 Nxc5 32. Nb3 Nxb3 33. Rxb3 Qg7 34. Qc6 d4 35. Rb7 Re7 36. Reb1 Rg8 37. g4 fxg4 38. Rxe7 g3+ 39. Kg1 Qxe7 40. Rb7 Qf8 41. Rb1 Qf2+ 42. Kh1 Rf8 43. Qc1 e3 44. Qe1 Qxe1+ 45. Rxe1 d3 46. Kg1 d2 0-1

[Event "Agadir zt 4.1 (Women)"]
[Site "Agadir"]
[Date "2016.05.28"]
[Round "6"]
[White "Mezioud, Amina"]
[Black "Abdi, Zineb Dina"]
[Result "1-0"]
[WhiteElo "2085"]
[BlackElo "1889"]
[PlyCount "139"]
[EventDate "2016.05.24"]
[EventType "swiss"]
[EventRounds "9"]
[EventCountry "MAR"]
[SourceTitle "CBM 172 Extra"]
[Source "ChessBase"]
[SourceDate "2016.06.21"]
[SourceVersion "1"]
[SourceVersionDate "2016.06.21"]
[SourceQuality "1"]

1. e4 c5 2. Nf3 Nc6 3. d4 cxd4 4. Nxd4 e5 5. Nb5 d6 6. c4 a6 7. N5a3 Be7 8. Nc3 f5 9. exf5 Bxf5 10. Be3 Nf6 11. Be2 0-0 12. 0-0 Qe8 13. Nc2 Qg6 14. Ne1 Ng4 15. Bb6 Nf6 16. Kh1 Bd8 17. Be3 Ng4 18. Bxg4 Bxg4 19. Qd2 Ba5 20. Rc1 Rad8 21. a3 Bxc3 22. Rxc3 Be6 23. Bb6 Rd7 24. Rg3 Qe4 25. b3 Qf4 26. Be3 Qf5 27. Nd3 Ne7 28. Qe2 Ng6 29. Re1 Qf7 30. h3 Bf5 31. Nb4 Be6 32. Nd3 Bf5 33. Rd1 Qe7 34. Nb4 Be6 35. Nd5 Bxd5 36. Rxd5 Qe6 37. Rd1 Ne7 38. Bg5 Nf5 39. Rgd3 Qg6 40. Be3 Nh4 41. Qg4 Nf5 42. Qxg6 hxg6 43. c5 Nxe3 44. fxe3 Rfd8 45. cxd6 Kf7 46. Rc1 Ke6 47. Rc7 Rf8 48. Kg1 Rff7 49. Rxd7 Rxd7 50. Kf2 Rxd6 51. Rc3 Rd7 52. Kf3 b6 53. Ke4 Rd6 54. g4 g5 55. Rc8 Kf6 56. Rf8+ Ke6 57. Re8+ Kf6 58. Rxe5 Rc6 59. Rf5+ Kg6 60. Rd5 Kf6 61. Kd4 Re6 62. e4 Rc6 63. Rf5+ Kg6 64. e5 Rc1 65. Rf3 Rd1+ 66. Ke4 Re1+ 67. Kd5 Rd1+ 68. Kc6 b5 69. e6 Kh7 70. Re3 1-0

[Event "Agadir zt 4.1 (Women)"]
[Site "Agadir"]
[Date "2016.05.25"]
[Round "2"]
[White "Marzouk, Amira"]
[Black "Abdi, Zineb Dina"]
[Result "0-1"]
[WhiteElo "1724"]
[BlackElo "1889"]
[PlyCount "60"]
[EventDate "2016.05.24"]
[EventType "swiss"]
[EventRounds "9"]
[EventCountry "MAR"]
[SourceTitle "CBM 172 Extra"]
[Source "ChessBase"]
[SourceDate "2016.06.21"]
[SourceVersion "1"]
[SourceVersionDate "2016.06.21"]
[SourceQuality "1"]

1. e4 e5 2. Nf3 d6 3. d4 Nd7 4. Nc3 c6 5. a4 Be7 6. Bc4 Ngf6 7. 0-0 0-0 8. Re1 Qc7 9. b3 Nb6 10. Bf1 Bg4 11. Be2 Rad8 12. a5 Nbd7 13. Bb2 Rfe8 14. Qd2 Nf8 15. h3 Bh5 16. Qe3 a6 17. g4 Bg6 18. Bc4 d5 19. exd5 cxd5 20. Bf1 exd4 21. Qxd4 Bc5 22. Qd2 Ne4 23. Nxe4 dxe4 24. Nd4 Ne6 25. c3 Qe5 26. Rad1 h6 27. Bg2 Nf4 28. b4 Ba7 29. Bf1 Bb8 30. Qe3 Ne2+ 0-1